[Event "Meister-Talente"]
[Site "Emanuel Lasker Arena"]
[Date "2020.11.06"]
[Round "11"]
[White "Johvon"]
[Black "Ailton_32"]
[Result "0-1"]
[WhiteElo "1868"]
[BlackElo "2004"]
[Annotator "NA RC"]
[PlyCount "58"]
[EventDate "2020.11.06"]
[EventType "tourn (blitz)"]

1. d4 {[%emt 0:00:04]} Nf6 {[%emt 0:00:00]} 2. c4 {[%emt 0:00:01]} e6 {[%emt 0:00:00]} 3. Nf3 {[%emt 0:00:04]} d5 {[%emt 0:00:03]} 4. g3 {[%emt 0:00:02]} Bb4+ {[%emt 0:00:00]} 5. Bd2 {[%emt 0:00:01]} Be7 {[%emt 0:00:00]} 6. Bg2 {[%emt 0:00:01]} O-O {[%emt 0:00:00]} 7. O-O {[%emt 0:00:01]} c6 {[%emt 0:00:00]} 8. Bf4 {[%emt 0:00:01]} Nbd7 {[%emt 0:00:05]} 9. Nbd2 {[%emt 0:00:04]} b6 {[%emt 0:00:01]} 10. Qc2 {[%emt 0:00:01]} Nh5 {[%emt 0:00:11]} 11. Be3 {[%emt 0:00:15]} Bb7 {[%emt 0:00:01]} 12. Rac1 {[%emt 0:00:19]} Rc8 {[%emt 0:00:16]} 13. Qa4 {[%emt 0:00:07]} a6 {[%emt 0:00:19]} 14. h4 {[%emt 0:00:26]} h6 {[%emt 0:00:32]} 15. Qb3 {[%emt 0:00:47]} b5 {[%emt 0:00:16]} 16. cxb5 {[%emt 0:00:16]} cxb5 {[%emt 0:00:00]} 17. a4 {[%emt 0:00:02]} Qb6 {[%emt 0:00:13]} 18. Rc3 {[%emt 0:00:23]} b4 {[%emt 0:00:12]} 19. Rxc8 {[%emt 0:00:16]} Rxc8 {[%emt 0:00:00]} 20. Ne5 {[%emt 0:00:04]} Nhf6 {[%emt 0:00:04]} 21. f4 {[%emt 0:00:13]} Qc7 {[%emt 0:00:16]} 22. Bf3 {[%emt 0:00:05]} Qc2 {[%emt 0:00:10]} 23. Qa2 {[%emt 0:00:08]} Nxe5 {[%emt 0:00:20]} 24. fxe5 {[%emt 0:00:01]} Ne4 {[%emt 0:00:05]} 25. Nxe4 {[%emt 0:00:02]} dxe4 {[%emt 0:00:00]} 26. Bg2 {[%emt 0:00:06]} Bd5 {[%emt 0:00:04]} 27. Qa1 {[%emt 0:00:03]} Qxe2 {[%emt 0:00:02]} 28. Re1 {[%emt 0:00:03]} Qg4 {[%emt 0:00:10]} 29. Bf2 {[%emt 0:00:02]} Rc2 {[%emt 0:00:05] Zeit (Lag: Av=0.40s, max=0.6s)} 0-1

[Event "Meister-Talente"]
[Site "Emanuel Lasker Arena"]
[Date "2020.11.06"]
[Round "11"]
[White "Jan2020"]
[Black "Sreyas2008"]
[Result "1-0"]
[WhiteElo "1814"]
[BlackElo "1908"]
[Annotator "NA RC"]
[PlyCount "45"]
[EventDate "2020.11.06"]
[EventType "tourn (blitz)"]

1. Nf3 {[%emt 0:00:03]} Nf6 {[%emt 0:00:02]} 2. c4 {[%emt 0:00:02]} c5 {[%emt 0:00:03]} 3. Nc3 {[%emt 0:00:04]} Nc6 {[%emt 0:00:01]} 4. e3 {[%emt 0:00:00]} e6 {[%emt 0:00:14]} 5. d4 {[%emt 0:00:01]} d5 {[%emt 0:00:02]} 6. a3 {[%emt 0:00:03]} a6 {[%emt 0:00:11]} 7. dxc5 {[%emt 0:00:07]} Bxc5 {[%emt 0:00:02]} 8. b4 {[%emt 0:00:00]} Ba7 {[%emt 0:00:07]} 9. Bb2 {[%emt 0:00:01]} d4 {[%emt 0:00:23]} 10. exd4 {[%emt 0:00:15]} Nxd4 {[%emt 0:00:00]} 11. Be2 {[%emt 0:00:30]} Nxe2 {[%emt 0:00:19]} 12. Qxe2 {[%emt 0:00:00]} Bd7 {[%emt 0:00:07]} 13. Ne5 {[%emt 0:00:12]} Qc7 {[%emt 0:00:07]} 14. O-O {[%emt 0:00:15]} Bc6 {[%emt 0:00:21]} 15. Nxc6 {[%emt 0:00:07]} bxc6 {[%emt 0:00:06]} 16. Ne4 {[%emt 0:00:38]} Bb8 {[%emt 0:00:24]} 17. Nxf6+ {[%emt 0:00:18]} gxf6 {[%emt 0:00:01]} 18. g3 {[%emt 0:00:01]} e5 {[%emt 0:00:29]} 19. Qf3 {[%emt 0:00:19]} Qe7 {[%emt 0:00:12]} 20. Qxc6+ {[%emt 0:00:04]} Kf8 {[%emt 0:00:06]} 21. Qxa8 {[%emt 0:00:02]} Kg7 {[%emt 0:00:00]} 22. Qf3 {[%emt 0:00:03]} Rc8 {[%emt 0:00:07]} 23. Qg4+ {[%emt 0:00:02] Sreyas2008 resigns (Lag: Av=0.30s, max=0.5s)} 1-0

[Event "Meister-Talente"]
[Site "Emanuel Lasker Arena"]
[Date "2020.11.06"]
[Round "11"]
[White "Opel 2004"]
[Black "PeterLaFleur"]
[Result "0-1"]
[WhiteElo "1740"]
[BlackElo "2180"]
[Annotator "NA RC"]
[PlyCount "78"]
[EventDate "2020.11.06"]
[EventType "tourn (blitz)"]

1. e4 {[%emt 0:00:02]} c6 {[%emt 0:00:03]} 2. d4 {[%emt 0:00:02]} d5 {[%emt 0:00:00]} 3. exd5 {[%emt 0:00:01]} cxd5 {[%emt 0:00:00]} 4. Bf4 {[%emt 0:00:01]} Qb6 {[%emt 0:00:03]} 5. Nc3 {[%emt 0:00:14]} Nf6 {[%emt 0:00:02]} 6. Bxb8 {[%emt 0:00:16]} Rxb8 {[%emt 0:00:04]} 7. Bb5+ {[%emt 0:00:01]} Bd7 {[%emt 0:00:02]} 8. Bxd7+ {[%emt 0:00:03]} Kxd7 {[%emt 0:00:02]} 9. Nf3 {[%emt 0:00:05]} e6 {[%emt 0:00:03]} 10. Ne5+ {[%emt 0:00:05]} Ke8 {[%emt 0:00:01]} 11. O-O {[%emt 0:00:08]} Bd6 {[%emt 0:00:02]} 12. Qd3 {[%emt 0:00:12]} Bxe5 {[%emt 0:00:03]} 13. dxe5 {[%emt 0:00:01]} Nd7 {[%emt 0:00:01]} 14. Rfe1 {[%emt 0:00:06]} Rc8 {[%emt 0:00:04] Opel 2004 reconnected.} 15. Nb5 {[%emt 0:00:01]} Ke7 {[%emt 0:00:10]} 16. Nd6 {[%emt 0:00:04]} Rc6 {[%emt 0:00:07] Opel 2004 reconnected. Opel 2004 reconnected.} 17. c4 {[%emt 0:00:00] Opel 2004 reconnected.} dxc4 {[%emt 0:00:35]} 18. Nxc4 {[%emt 0:00:02]} Qc5 {[%emt 0:00:06]} 19. Rac1 {[%emt 0:00:03] Opel 2004 reconnected.} Qd5 {[%emt 0:00:31]} 20. Qa3+ {[%emt 0:00:04]} Qc5 {[%emt 0:00:05]} 21. Qb3 {[%emt 0:00:08]} b5 {[%emt 0:00:13] Opel 2004 reconnected.} 22. Nd2 {[%emt 0:00:05]} Qxc1 {[%emt 0:00:02]} 23. Rxc1 {[%emt 0:00:02]} Rxc1+ {[%emt 0:00:00]} 24. Nf1 {[%emt 0:00:01]} Rhc8 {[%emt 0:00:05]} 25. Qb4+ {[%emt 0:00:05]} R8c5 {[%emt 0:00:08]} 26. f4 {[%emt 0:00:05]} R1c4 {[%emt 0:00:06]} 27. Qa3 {[%emt 0:00:02]} Rxf4 {[%emt 0:00:07]} 28. g3 {[%emt 0:00:07]} Re4 {[%emt 0:00:11] Opel 2004 reconnected.} 29. Nd2 {[%emt 0:00:07] Opel 2004 reconnected.} b4 {[%emt 0:00:15]} 30. Qa4 {[%emt 0:00:23]} Rexe5 {[%emt 0:00:08]} 31. Qxb4 {[%emt 0:00:03]} a5 {[%emt 0:00:04]} 32. Qa3 {[%emt 0:00:02]} Ke8 {[%emt 0:00:07]} 33. Nb3 {[%emt 0:00:05]} Rc2 {[%emt 0:00:07]} 34. Kf1 {[%emt 0:00:12]} Rf5+ {[%emt 0:00:03]} 35. Ke1 {[%emt 0:00:04]} Rff2 {[%emt 0:00:03]} 36. Nd4 {[%emt 0:00:06]} Rxb2 {[%emt 0:00:17]} 37. Qc3 {[%emt 0:00:02]} Rxh2 {[%emt 0:00:10]} 38. Qc8+ {[%emt 0:00:16]} Ke7 {[%emt 0:00:01]} 39. Qc3 {[%emt 0:00:04]} Rh1# {[%emt 0:00:03] Mate (Lag: Av=0.33s, max=0.8s)} 0-1